00465nam a2200181 a 4500001001300000003000900013005001700022008004100039020002200080082001800102100001700120245002300137260004300160300000800203500003500211650002000246700001700266nice12345678IN_TiNIC20260116014312.0070403s2006 dela grp 000 0 eng  a818976201X c2700a330.0954bDAB aDabhi, Jimmy aAge of Development aDelhi bIndian Social Institute c2006 a74p aincludes index and biblioraphy aEconomics-India1 aDabhi, Jimmy